00321nam a2200133Ia 4500003000400000005001700004008004100021020001500062040002000077100002100097245004800118260001200166260000900178OSt20240314163115.0170524s9999 xx 000 0 und d a935202186X cIIMT UNIVERSITY aSherlekar- S. A. 0aModern Business Organization and Management bHimalya c1995